| 000 | 00716nam a22002177i 4500 | ||
|---|---|---|---|
| 999 |
_c23251 _d23251 |
||
| 003 | AR-CdUCM | ||
| 008 | 250409b20202020 pe||||| |||| 00| 0 spa d | ||
| 020 | _a978-2-89829-052-7 | ||
| 040 |
_aMUNICIPALIDAD PROVINCIAL DEL CUSCO _cBIBLIOTECA MUNICIPAL DEL CUSCO |
||
| 041 | _hspa | ||
| 082 |
_aPI / 869.56 / L36P _bL36P |
||
| 100 |
_aLeduc, Arianne _951063 |
||
| 245 |
_a¡Patrulla marítima al rescate : _bMis primeras lecturas nivel 3 / |
||
| 260 |
_aQuebec : _bImagine publications _c2020 |
||
| 300 |
_a16 páginas. : _bIlustraciones _c23x15 cm. |
||
| 650 |
_aLiteratura infantil _9588 |
||
| 650 |
_aPrimera infancia _924660 |
||
| 856 | _fwww.pappinternational.com | ||
| 942 |
_2ddc _cLIBROS |
||
| 945 |
_apbjr _d2020 |
||